[Event "Latin Cup-A 6th"]
[Site "Buenos Aires"]
[Date "2015.03.20"]
[Round "2"]
[White "Diaz, Carlos Ezequiel"]
[Black "Palu, Andres"]
[Result "1/2-1/2"]
[WhiteElo "1672"]
[BlackElo "1995"]
[PlyCount "87"]
[EventDate "2015.03.19"]
[EventType "swiss"]
[EventRounds "9"]
[EventCountry "ARG"]
[SourceTitle "CBM 165 Extra"]
[Source "ChessBase"]
[SourceDate "2015.04.21"]
[SourceVersion "1"]
[SourceVersionDate "2015.04.21"]
[SourceQuality "1"]

1. e4 c5 2. c3 g6 3. Nf3 Bg7 4. d4 cxd4 5. cxd4 Nc6 6. Bb5 Nf6 7. Nc3 0-0 8. 0-0 d6 9. e5 Ne8 10. Bf4 Bg4 11. Bxc6 bxc6 12. h3 dxe5 13. Bxe5 Bxe5 14. hxg4 Bg7 15. Ne5 Rc8 16. Re1 Nd6 17. Qa4 Qc7 18. Rac1 Qb7 19. b3 Rfd8 20. Nb1 Nb5 21. Rc4 Qb6 22. Rb4 a5 23. Rc4 Rxd4 24. Rxd4 Qxd4 25. Qxd4 Nxd4 26. Nf3 Ne6 27. Na3 a4 28. Nc4 axb3 29. axb3 c5 30. Nfe5 Nd4 31. Nf3 Ne6 32. Nfe5 Rc7 33. g3 Nd4 34. Nd2 Rb7 35. Nd3 Rc7 36. Kf1 e5 37. Rc1 Bf8 38. b4 Rb7 39. bxc5 Nc6 40. Ne4 Ra7 41. Nf6+ Kg7 42. Ne8+ Kg8 43. Nf6+ Kg7 44. Ne8+ 1/2-1/2

[Event "Latin Cup-A 6th"]
[Site "Buenos Aires"]
[Date "2015.03.19"]
[Round "1"]
[White "Torres, Federico"]
[Black "Diaz, Carlos Ezequiel"]
[Result "1-0"]
[WhiteElo "2152"]
[BlackElo "1672"]
[PlyCount "55"]
[EventDate "2015.03.19"]
[EventType "swiss"]
[EventRounds "9"]
[EventCountry "ARG"]
[SourceTitle "CBM 165 Extra"]
[Source "ChessBase"]
[SourceDate "2015.04.21"]
[SourceVersion "1"]
[SourceVersionDate "2015.04.21"]
[SourceQuality "1"]

1. e4 e5 2. Nc3 Nc6 3. g3 Nf6 4. Bg2 Bc5 5. Nge2 d6 6. h3 Be6 7. Nd5 0-0 8. 0-0 Nb4 9. Nxb4 Bxb4 10. c3 Ba5 11. d4 c6 12. f4 exd4 13. Nxd4 Bb6 14. Kh2 Bc4 15. Re1 Re8 16. b3 Ba6 17. Nf5 Re6 18. c4 Bc7 19. Bb2 Rb8 20. Qf3 Qf8 21. g4 h6 22. Kh1 g6 23. Nd4 Ree8 24. Qc3 Bd8 25. g5 Nd7 26. Ne6 fxe6 27. Qh8+ Kf7 28. Qh7+ 1-0